00358nam a2200121Ia 4500003000400000005001700004008004100021040001800062041000800080100004600088245006700134260003500201OSt20260121121349.0211028s2015 xx 000 0 und d cAIMIT LIBRARY aeng aD' Souza, Aaron; Wright, Rowena.g1316001 aStudy on employee engagement activities at the gateway hotel / aMangalorebRowena Wrightc2015